Normal view
MARC view
Entry Personal Name
001 - CONTROL NUMBER
- control field: 84403
003 - CONTROL NUMBER IDENTIFIER
- control field:
005 - DATE AND TIME OF LATEST TRANSACTION
- control field: 20210601183030.0
008 - FIXED-LENGTH DATA ELEMENTS
- fixed length control field: 210601|| aca||aabn | a|a d
040 ## - CATALOGING SOURCE
- Original cataloging agency:
- Transcribing agency:
100 ## - HEADING--PERSONAL NAME
- Personal name: Skalka
670 ## - SOURCE DATA FOUND
- Source citation: Work cat.: (): Baxv 84402, Blue prints for 101 industries in the five year plan of India/, 1956
